=LDR 00000nam 2200000 4500 =001 INLIS000000000061038 =005 20220606073215 =035 ##$$a 0010-0622000028 =007 ta =008 220606###########################0#ind## =020 ##$$a 978-602-02-1551-8 =082 ##$$a 158.1 =084 ##$$a 158.1 Sha t =100 #$$a Shanker RS =245 1#$$a 30 Hari Jadi Artis Top : $b Julia Peres, Olga Saputra, Dewi Persik /$c Shanker RS =260 ##$$a Jakarta :$b Elex Media Kompuntindo,$c 2013 =300 ##$$a xLi, 76 hlm. : $b Ilus. ; $c 22 Cm. =650 #4$$a Motivasi =990 ##$$a 20672067